Cuerpos y desplazamientos: retos feministas en un marco pos/decolonial /

সংরক্ষণ করুন:
গ্রন্থ-পঞ্জীর বিবরন
প্রধান লেখক: Pérez Flores, Larisa
বিন্যাস: পাঠ‍্য
ট্যাগগুলো: ট্যাগ যুক্ত করুন
কোনো ট্যাগ নেই, প্রথমজন হিসাবে ট্যাগ করুন!

MARC

LEADER 00000 a a2200000 04500
001 48729
003
040
100 |a Pérez Flores, Larisa  
245 |a Cuerpos y desplazamientos:   |b retos feministas en un marco pos/decolonial /  |c Larisa Pérez Flores  
773 |a volumen12, número1, (2015), páginas 97-115  
999 |c 33094  |d 33094